Készlet- és raktárgazdálkodás gyakorlata az Euromedic-Pharma Zrt. vonatkozásában

Bibliográfiai részletek
Szerző: Rideg Izabella
További közreműködők: Domboróczky Dr. Zoltán
Dokumentumtípus: Projektmunka
Kulcsszavak:anyagmozgatás
gyógyszeripar
készlet
minőségbiztosítási eljárások
raktárgazdálkodás
Online Access:http://dolgozattar.uni-bge.hu/60235

MARC

LEADER 00000nnm a2200000 i 4500
001 dolg60235
005 20260409150156.0
008 260409suuuu hu o 000 hun d
040 |a BGE Dolgozattár Repozitórium  |b hun 
041 |a hu 
100 1 |a Rideg Izabella 
245 1 0 |a Készlet- és raktárgazdálkodás gyakorlata az Euromedic-Pharma Zrt. vonatkozásában  |c Rideg Izabella  |h [elektronikus dokumentum] 
516 |a Project_work 
520 3 |a Projektmunkámban egy rövid bevezető után leírtam a kutatási módszeremet, illetve, hogy milyen kérdéseket tettem bele az interjúmba. A cég bemutatása után SWOT-analízist végeztem a vállalaton, leírtam a raktárak, polcrendszerek felépítését, a PDA használatát bemutattam. Bemutattam a folyamatokkor használt nyomtatványokat, majd kifejtettem, hogy én mit is csináltam pontosan a gyakorlatom alatt a két részlegen, ahol dolgoztam huzamosabban. Kitértem a tenderes, illetve különlegesebb megrendelésekre is. 
695 |a anyagmozgatás 
695 |a gyógyszeripar 
695 |a készlet 
695 |a minőségbiztosítási eljárások 
695 |a raktárgazdálkodás 
700 1 |a Domboróczky Dr. Zoltán  |e ths 
856 4 0 |u http://dolgozattar.uni-bge.hu/60235/1/PROJEKTMUNKA_Rideg%20Izabella.pdf  |z Dokumentum-elérés 
856 4 0 |u http://dolgozattar.uni-bge.hu/60235/2/Rideg_Izabella_KM%20FOSZK%20b%C3%ADr%C3%A1lati%20lap.pdf  |z Dokumentum-elérés